Propuestas para la contabilización de subvenciones en empresas que no aplican NIIF (Registro nro. 22852)

Detalles MARC
000 -LEADER
fixed length control field 00404 a2200121 4500
001 - CONTROL NUMBER
control field ART_23597
005 - DATE AND TIME OF LATEST TRANSACTION
control field 20260410161827.0
008 - FIXED-LENGTH DATA ELEMENTS--GENERAL INFORMATION
fixed length control field 260409a
100 1# - MAIN ENTRY--PERSONAL NAME
Personal name Casal, María del Carmen
245 10 - TITLE STATEMENT
Title Propuestas para la contabilización de subvenciones en empresas que no aplican NIIF
700 1# - ADDED ENTRY--PERSONAL NAME
Personal name Rondi, Gustavo R.
773 0# - HOST ITEM ENTRY
Title FACES
Related parts - Año 19, Nº 40/41 (ene./dic. 2013)
Record control number REV5046

No hay ítems disponibles.